| 000 | 00662nam a2200241Ia 4500 | ||
|---|---|---|---|
| 003 | OSt | ||
| 005 | 20220918214429.0 | ||
| 006 | a|||||r|||| 00| 0 | ||
| 007 | ta | ||
| 008 | 220917b |||||||| |||| 00| 0 eng d | ||
| 024 | _a137,489 | ||
| 037 | _cTextual | ||
| 040 |
_aARTS _cARTS _beng |
||
| 041 |
_2eng _aeng |
||
| 082 | _aXM2.612, M5 | ||
| 100 |
_aMunslow Barry Ed. _922224 |
||
| 245 | 0 |
_aSamora Machel _b an african revolutionary tr by Michael Walfers |
|
| 260 |
_aLondon _bZed Books _c1985 |
||
| 300 |
_axxvii,210p. _ccm. |
||
| 650 | _aECONOMICS | ||
| 942 |
_hXM2.612, M5 _cTEXL _2CC |
||
| 999 |
_c260570 _d260570 |
||